000 00530nam a2200205Ia 4500
005 20250923144651.0
008 008 250917s9999 xx 000 0 eng d
037 _aTextual
040 _aDSWL
_beng
_cDSWL
041 _aeng
_2eng
084 _qDSWL
100 _aSwift, A.L.
_9827179
245 0 _aMake your agency more effective
_cby A.L. Swift
260 _aNew York
_bAssociation Press
_c1941
300 _a322p.
365 _aUSD
_b2.7
925 _g2.7
942 _cTEXL
999 _c1441823
_d1441823